| 000 | 00870nam a22002177a 4500 | ||
|---|---|---|---|
| 005 | 20211127123655.0 | ||
| 008 | 211127b ||||| |||| 00| 0 eng d | ||
| 020 | _a0875964540 | ||
| 040 | _cAL | ||
| 082 |
_223 _a612.68 _bCLAY |
||
| 100 |
_aEdward Claflin _910951 |
||
| 245 | _aYour Guide to Perpetual Youth: Age Protectors Stop Aging Now | ||
| 260 |
_aMumbai _bRajendra Publishing House Pvt Ltd _c1998 |
||
| 300 |
_axi,548p. _bHB _c23x17 cm. |
||
| 520 | _aA natural approach to coping with the effects of aging presents a variety of simple, realistic, and practical strategies designed to help one look and feel younger and live a healthy, disease-free lifestyle. 15,000 first printing. | ||
| 650 |
_aAging Prevention _910952 |
||
| 650 |
_aLongevity Popular Works _910953 |
||
| 650 |
_aSuperfoods _910954 |
||
| 700 |
_aCLAFLIN (Edward) _910955 |
||
| 942 |
_2ddc _cGF |
||
| 999 |
_c220822 _d220822 |
||